[Event "Amager Spring A"]
[Site "Amager"]
[Date "2014.06.03"]
[Round "5"]
[White "Brorsen, Jacob Abildlund"]
[Black "Lundborg, Jakob"]
[Result "1-0"]
[WhiteElo "2149"]
[BlackElo "1669"]
[PlyCount "140"]
[EventDate "2014.04.29"]
[EventType "tourn"]
[EventRounds "5"]
[EventCountry "DEN"]
[SourceTitle "EXT 2023"]
[Source "ChessBase"]
[SourceDate "2022.10.05"]
[SourceVersion "1"]
[SourceVersionDate "2022.10.05"]
[SourceQuality "1"]

1. e4 c6 2. d4 d5 3. Nc3 dxe4 4. Nxe4 Bf5 5. Ng3 Bg6 6. h4 h6 7. Nf3 Nd7 8. h5 Bh7 9. Bd3 Bxd3 10. Qxd3 e6 11. Bf4 Ngf6 12. 0-0-0 Be7 13. Nf1 Nd5 14. Bd2 Qc7 15. g3 0-0-0 16. Ne3 Nxe3 17. Bxe3 Bf6 18. Qa3 b6 19. Rd3 e5 20. Rc3 e4 21. Nd2 Rhe8 22. Qa6+ Kb8 23. Bf4 Ne5 24. dxe5 Bxe5 25. Bxe5 Qxe5 26. Nc4 Qd5 27. b3 e3 28. f3 e2 29. Rd3 Qg5+ 30. f4 e1Q+ 31. Rxe1 Rxe1+ 32. Kb2 Qf6+ 33. Ne5 Rxd3 34. Qxd3 Rxe5 35. fxe5 Qxe5+ 36. c3 Kc7 37. Qf3 Qd5 38. Qf4+ Kb7 39. g4 Qg5 40. Qxf7+ Ka6 41. Qc4+ Kb7 42. Qf7+ Ka6 43. Qc4+ Kb7 44. Qd4 Qe7 45. Qd3 Kc7 46. Kc2 Qd6 47. Qe2 Kd7 48. Qf3 Qh2+ 49. Kb1 Qg1+ 50. Kb2 Qh2+ 51. Ka3 Qd6+ 52. b4 Qe7 53. Kb2 Qg5 54. Qd3+ Qd5 55. Qe2 Qd6 56. Kc2 Qe6 57. Qd1+ Ke7 58. Kb2 Qd5 59. Qe2+ Qe6 60. Qf3 Qd7 61. Qf4 Qd6 62. Qe3+ Qe6 63. Qd4 Qe2+ 64. Ka3 Kf8 65. Qd8+ Qe8 66. Qd6+ Qe7 67. Qxc6 Kf7 68. Qg6+ Kg8 69. Qd3 a5 70. Qc4+ Kh8 1-0